Capítulo 8-1 Vocabulario - Statistics

General Stats
  • This quiz has been taken 17 times
  • The average score is 10 of 35
Answer Stats
Hint Answer % Correct
cap la gorra
83%
sweater el suéter
50%
suit el traje
50%
blouse la blusa
50%
shirt la camisa
50%
pants los pantalones
50%
belt el cinturón
33%
umbrella el paraguas
33%
pajamas el pijama
33%
hat el sombrero
33%
t-shirt la camiseta
33%
jacket la chaqueta
33%
tie la corbata
33%
fashion; style la moda
33%
boots las botas
33%
sandals las sandalias
33%
slippers las zapatillas
33%
jeans los jeans
33%
shorts los pantalones cortos
33%
tennis shoes los tenis
33%
overcoat el abrigo
17%
purse el bolso
17%
swimsuit; bathing suit el traje de baño
17%
dress el vestido
17%
skirt la falda
17%
underwear la ropa interior
17%
stockings; hose las medias
17%
articles of clothing las prendas
17%
socks los calcetines
17%
gloves los guantes
17%
shoes los zapatos
17%
outfit el conjunto
0%
raincoat el impermeable
0%
robe la bata
0%
sweatshirt la sudadera
0%
No matching quizzes found
Score Distribution
Percent of People with Each Score
Percentile by Number Answered
Your Score History
You have not taken this quiz